| Tag |
First Indicator |
Second Indicator |
Subfields |
| LEADER |
00000cam a2200000 4500 |
| 001 |
in00000244113 |
| 005 |
20151009093050.0 |
| 008 |
751229r19701858nyuade bd 00010 eng d |
| 035 |
|
|
|a (OCoLC)01904379
|
| 035 |
|
|
|9 ABA6573AM
|
| 040 |
|
|
|a AKR
|c AKR
|d TXA
|d UtOrBLW
|
| 049 |
|
|
|a TXAM
|v 1 [1141708]
|v 2 [1141709]
|
| 090 |
|
|
|a HF1001
|b .H7 1970a
|
| 100 |
1 |
|
|a Homans, I. Smith
|q (Isaac Smith),
|d 1807-1874.
|
| 245 |
1 |
2 |
|a A cyclopedia of commerce /
|c Edited by J. Smith Homans [and] J. Smith Homans, Jr.
|
| 264 |
|
1 |
|a New York :
|b Library Editions,
|c 1970.
|
| 300 |
|
|
|a 2 volumes :
|b illustrations (including plans) folded charts. ;
|c 26 cm.
|
| 336 |
|
|
|a text
|b txt
|2 rdacontent
|
| 337 |
|
|
|a unmediated
|b n
|2 rdamedia
|
| 338 |
|
|
|a volume
|b nc
|2 rdacarrier
|
| 490 |
1 |
|
|a American maritime history
|
| 500 |
|
|
|a Reprint of the 1858 edition.
|
| 504 |
|
|
|a "List of american authorities ... List of foreign authorities": volume 1, pages v-vi.
|
| 650 |
|
0 |
|a Commerce
|x Dictionaries.
|
| 700 |
1 |
|
|a Homans, Isaac Smith,
|d 1832-1879.
|
| 830 |
|
0 |
|a American maritime history.
|
| 999 |
|
|
|a MARS
|
| 999 |
f |
f |
|s 862126d3-afda-3806-9501-e209780f4966
|i 737e59bf-e417-3514-bf7f-ea7f5bf6a241
|t 0
|
| 952 |
f |
f |
|p ric
|a Texas A&M University
|b Rellis Campus
|c Joint Library Facility
|d Remote Storage
|t 0
|e HF1001 .H7 1970a
|h Library of Congress classification
|i unmediated -- volume
|k v.2
|m A14802762582
|
| 952 |
f |
f |
|p ric
|a Texas A&M University
|b Rellis Campus
|c Joint Library Facility
|d Remote Storage
|t 0
|e HF1001 .H7 1970a
|h Library of Congress classification
|i unmediated -- volume
|k v.1
|m A14802762574
|
| 998 |
f |
f |
|a HF1001 .H7 1970a
|s v.1-v.2
|t 0
|l Remote Storage
|